<?xml version="1.0" encoding="UTF-8"?>
<collection xmlns="http://www.loc.gov/MARC21/slim">
 <record>
  <leader>01478nam a22003137a 4500</leader>
  <controlfield tag="001">39089</controlfield>
  <controlfield tag="003">BD-DhAAL</controlfield>
  <controlfield tag="008">220704t1980    ilua     be   001 0deng d</controlfield>
  <datafield tag="999" ind1=" " ind2=" ">
   <subfield code="c">44521</subfield>
   <subfield code="d">44521</subfield>
  </datafield>
  <datafield tag="020" ind1=" " ind2=" ">
   <subfield code="a">0852293607</subfield>
  </datafield>
  <datafield tag="040" ind1=" " ind2=" ">
   <subfield code="a">DLC</subfield>
   <subfield code="c">DLC</subfield>
   <subfield code="d">DLC</subfield>
   <subfield code="d">BD-DhAAL</subfield>
  </datafield>
  <datafield tag="050" ind1="0" ind2="0">
   <subfield code="a">AE5</subfield>
   <subfield code="b">.E363 1980</subfield>
  </datafield>
  <datafield tag="082" ind1="0" ind2="0">
   <subfield code="a">031</subfield>
  </datafield>
  <datafield tag="245" ind1="0" ind2="4">
   <subfield code="a">The New Encyclopaedia Britannica :</subfield>
   <subfield code="b">in 30 volumes : macropædia : ready reference and index.</subfield>
   <subfield code="n">Volume IX,</subfield>
   <subfield code="p">Scurlock - Tirāh.</subfield>
  </datafield>
  <datafield tag="246" ind1="1" ind2=" ">
   <subfield code="i">Supplement has title:</subfield>
   <subfield code="a">Encyclopaedia Britannica supplement</subfield>
  </datafield>
  <datafield tag="250" ind1=" " ind2=" ">
   <subfield code="a">Fifteenth edition</subfield>
  </datafield>
  <datafield tag="260" ind1=" " ind2=" ">
   <subfield code="a">Chicago :</subfield>
   <subfield code="b">Encyclopaedia Britannica,</subfield>
   <subfield code="c">c1980.</subfield>
  </datafield>
  <datafield tag="300" ind1=" " ind2=" ">
   <subfield code="a">1025 pages :</subfield>
   <subfield code="b">illustrations (some colors) ;</subfield>
   <subfield code="c">29 cm.</subfield>
  </datafield>
  <datafield tag="362" ind1=" " ind2=" ">
   <subfield code="a">Vol. 9</subfield>
  </datafield>
  <datafield tag="500" ind1=" " ind2=" ">
   <subfield code="a">Spine title: Encyclopaedia Britannica.</subfield>
  </datafield>
  <datafield tag="500" ind1=" " ind2=" ">
   <subfield code="a">Accompanied by supplement (2 v.) issued in 1994 uder the title: The Encyclopaedia Britannica supplement.</subfield>
  </datafield>
  <datafield tag="504" ind1=" " ind2=" ">
   <subfield code="a">Includes bibliographical references.</subfield>
  </datafield>
  <datafield tag="505" ind1="0" ind2=" ">
   <subfield code="a">Propaedia: outline of knowledge and guide to the Britannica. 1 v.--Micropaedia: ready reference and index. 10 v.--Macropaedia: knowledge in depth. 19 v.</subfield>
  </datafield>
  <datafield tag="541" ind1=" " ind2=" ">
   <subfield code="a">Donated By Akbar Ali Khan</subfield>
   <subfield code="e">39089</subfield>
  </datafield>
  <datafield tag="650" ind1=" " ind2="0">
   <subfield code="a">Encyclopedias and dictionaries.</subfield>
   <subfield code="9">49845</subfield>
  </datafield>
  <datafield tag="740" ind1="0" ind2=" ">
   <subfield code="a">Encyclopaedia Britannica.</subfield>
  </datafield>
  <datafield tag="852" ind1=" " ind2=" ">
   <subfield code="a">Ayesha Abed Library</subfield>
   <subfield code="c">Akbar Ali Khan Collection</subfield>
  </datafield>
  <datafield tag="942" ind1=" " ind2=" ">
   <subfield code="2">ddc</subfield>
   <subfield code="c">BK</subfield>
  </datafield>
  <datafield tag="952" ind1=" " ind2=" ">
   <subfield code="0">0</subfield>
   <subfield code="1">0</subfield>
   <subfield code="2">ddc</subfield>
   <subfield code="4">0</subfield>
   <subfield code="6">031_000000000000000_NEW</subfield>
   <subfield code="7">1</subfield>
   <subfield code="9">71175</subfield>
   <subfield code="a">BRACUL</subfield>
   <subfield code="b">BRACUL</subfield>
   <subfield code="c">CS1</subfield>
   <subfield code="d">2022-07-04</subfield>
   <subfield code="e">Donated by Akbar Ali Khan</subfield>
   <subfield code="l">0</subfield>
   <subfield code="o">031 NEW</subfield>
   <subfield code="p">3010039089</subfield>
   <subfield code="r">2022-07-04</subfield>
   <subfield code="t">1</subfield>
   <subfield code="w">2022-07-04</subfield>
   <subfield code="y">BK</subfield>
  </datafield>
 </record>
</collection>
